[Event "TCh-SWE 2003-4"]
[Site "Malmo SWE"]
[Date "2004.02.07"]
[Round "7"]
[White "Landgren,A"]
[Black "Bjork,C"]
[Result "0-1"]
[WhiteElo "2196"]
[BlackElo "2334"]

1.d4 Nf6 2.c4 e6 3.Nc3 Bb4 4.f3 c5 5.d5 d6 6.e4 O-O 7.Bd2 Nbd7 8.Nge2 Re8
9.Ng3 a6 10.Be2 exd5 11.cxd5 b5 12.a4 bxa4 13.Nxa4 Rb8 14.O-O Bxd2 15.Qxd2 Rb4
16.Ra2 Ne5 17.Rfa1 h5 18.Qg5 Ng6 19.Nc3 h4 20.Nf5 Bxf5 21.Qxf5 Re5 22.Qh3 Rh5
23.g4 hxg3 24.Qxg3 Re5 25.Kh1 Nh5 26.Qf2 Nhf4 27.Bf1 Qb8 28.Nd1 Kh7 29.Rxa6 f5
30.Ra8 Qc7 31.exf5 Rxf5 32.R8a7 Rb7 33.Rxb7 Qxb7 34.Ne3 Re5 35.Bc4 Qb4 36.b3 Qc3
37.Re1 Nh3  0-1

[Event "Tringov mem Open"]
[Site "Plovdiv BUL"]
[Date "2004.02.22"]
[Round "9"]
[White "Kuzmanov,S"]
[Black "Drenchev,P"]
[Result "0-1"]
[WhiteElo "2210"]
[BlackElo "2415"]

1.d4 Nf6 2.c4 e6 3.Nc3 Bb4 4.f3 c5 5.d5 Nh5 6.Nh3 f5 7.Bg5 Nf6 8.dxe6 Bxc3+
9.bxc3 dxe6 10.Qc2 O-O 11.e3 Nc6 12.Bd3 Ne5 13.Be2 h6 14.Bh4 b6 15.Bg3 Nf7
16.Nf4 Kh7 17.e4 e5 18.Nd5 Nxd5 19.exd5 g6 20.O-O f4 21.Bf2 Bf5 22.Bd3 Nd6
23.Bxf5 Rxf5 24.Qb3 e4 25.fxe4 Re5 26.Rae1 Qe7 27.Qa4 Rf8 28.Qa6 Rf7 29.a4 Nxe4
30.Qc8 f3 31.gxf3 Nd2 32.d6 Nxf3+ 33.Kh1 Qxd6 34.Bg3 Rxe1 35.Rxe1 Nxe1  0-1

[Event "Aeroflot Open"]
[Site "Moscow RUS"]
[Date "2004.02.24"]
[Round "8"]
[White "Volkov,S1"]
[Black "Kotsur,P"]
[Result "0-1"]
[WhiteElo "2630"]
[BlackElo "2569"]

1.d4 Nf6 2.c4 e6 3.Nc3 Bb4 4.f3 O-O 5.a3 Bxc3+ 6.bxc3 Ne8 7.e4 b6 8.Bd3 Ba6
9.Nh3 Nc6 10.Qe2 Na5 11.O-O c5 12.e5 f6 13.Be3 d6 14.Rad1 Qc8 15.exd6 Nxd6
16.dxc5 bxc5 17.Qc2 f5 18.Qf2 Nab7 19.Qh4 Nf7 20.Rfe1 Qc6 21.Nf4 Rae8 22.Nh5 Nh8
23.Nxg7 Kxg7 24.Bh6+ Kg8 25.Qg5+ Ng6 26.Bxf8 Rxf8 27.h4 Kf7 28.Bxf5 exf5
29.h5 Kg8 30.hxg6 hxg6 31.Re7 Nd8 32.Rxd8 Rxd8 33.Qh4 Kf8 34.Rh7 Rd1+ 35.Kh2 Qd6+
36.f4 Bxc4 37.Qh6+ Ke8 38.Rxa7 Qf6 39.Qh3 Bd5 40.Qh7 Bf7 41.a4 g5 42.Ra8+ Rd8
43.Rxd8+ Kxd8 44.fxg5 Qe5+ 45.Kh1 Bd5 46.Qh3 f4 47.g6 Qg5 48.c4 Be4 49.Qh8+ Kd7
50.Qg7+ Kc6 51.Qb2 Qxg6 52.a5 Kd7 53.a6 f3 54.Qd2+ Qd6  0-1

[Event "5th Montenegro Open"]
[Site "Sozina SCG"]
[Date "2004.02.26"]
[Round "9"]
[White "Jianu,V"]
[Black "Kalinin,Al"]
[Result "0-1"]
[WhiteElo "2412"]
[BlackElo "2466"]

1.d4 Nf6 2.c4 e6 3.Nc3 Bb4 4.f3 d5 5.a3 Bxc3+ 6.bxc3 c5 7.cxd5 Nxd5 8.dxc5 Qa5
9.e4 Ne7 10.Be3 O-O 11.Qb3 Na6 12.Nh3 Bd7 13.Be2 Rab8 14.Bf4 e5 15.Bxe5 Nxc5
16.Qb4 Nd3+ 17.Bxd3 Qxe5 18.f4 Qc7 19.Qxe7 Qxc3+ 20.Ke2 Bg4+  0-1

[Event "20th Open"]
[Site "Cappelle la Grande FRA"]
[Date "2004.02.28"]
[Round "1"]
[White "Kantorik,M"]
[Black "Primel,D"]
[Result "1-0"]
[WhiteElo "2379"]
[BlackElo "2138"]

1.d4 Nf6 2.c4 e6 3.Nc3 Bb4 4.f3 d5 5.a3 Bxc3+ 6.bxc3 c5 7.e3 O-O 8.cxd5 Nxd5
9.Bd2 b6 10.Bd3 Ba6 11.Bxa6 Nxa6 12.Ne2 Qc7 13.O-O Rac8 14.Rc1 Nb8 15.e4 Ne7
16.Bg5 f6 17.Be3 Rfd8 18.Qa4 c4 19.Rfd1 Kf7 20.Rb1 a6 21.Qb4 b5 22.a4 Nbc6
23.Qc5 Qa5 24.axb5 Qa2 25.Nf4 Nxd4 26.Qh5+  1-0

[Event "TCh-SWE 2003-4"]
[Site "Goteborg SWE"]
[Date "2004.02.28"]
[Round "8"]
[White "Landgren,A"]
[Black "Lindeman,Sv"]
[Result "0-1"]
[WhiteElo "2196"]
[BlackElo "2230"]

1.d4 Nf6 2.c4 e6 3.Nc3 Bb4 4.f3 d5 5.a3 Bxc3+ 6.bxc3 c5 7.cxd5 Nxd5 8.dxc5 Qa5
9.e4 Nf6 10.Qb3 Nfd7 11.Be3 O-O 12.Nh3 Qc7 13.Qc4 Ne5 14.Qa2 Nbd7 15.Be2 Nxc5
16.Nf2 b6 17.a4 Nb7 18.Rc1 Nd7 19.O-O Na5 20.Rfd1 Bb7 21.Bb5 Rfd8 22.Rd4 Ne5
23.Bg5 Rdc8 24.f4 Nec6 25.Rd2 h6 26.Bh4 Qxf4 27.Bg3 Qe3 28.Rf1 Rd8 29.Re2 Qxc3
30.Ng4 Nb4 31.Qb1 Nd3 32.Bxd3 Qxd3 33.Qxd3 Rxd3 34.Ne5 Rxg3 35.hxg3 Ba6 36.Rd2 Bxf1
37.Kxf1 f6 38.Ng6 Kf7 39.Nf4 Re8 40.Rd7+ Re7 41.Rd8 Nb3 42.Ne2 Nc5 43.Nc3 Rd7
44.Rxd7+ Nxd7 45.Nb5 a6 46.Nd6+ Ke7 47.Nc4 b5 48.axb5 axb5 49.Na3 b4 50.Nc4 Ne5
51.Nb2 Kd6 52.Ke2 Kc5 53.Kd1 Kd4 54.Kc2 Kxe4 55.Kb3 Ke3 56.Na4 Nd3 57.Kc4 Kd2
58.Kb3 e5 59.Nb6 e4  0-1

[Event "21st Open"]
[Site "Reykjavik ISL"]
[Date "2004.03.07"]
[Round "1"]
[White "Hillarp Persson,T"]
[Black "Lehikoinen,P"]
[Result "1-0"]
[WhiteElo "2530"]
[BlackElo "2234"]

1.d4 Nf6 2.c4 e6 3.Nc3 Bb4 4.f3 d5 5.a3 Bxc3+ 6.bxc3 c5 7.cxd5 Nxd5 8.dxc5 f5
9.Nh3 O-O 10.c4 Nf6 11.Qxd8 Rxd8 12.Nf2 Na6 13.Nd3 Bd7 14.Be3 Bc6 15.Rg1 Rdc8
16.Rb1 g6 17.h4 Kf7 18.Bd4 Nd7 19.g4 Re8 20.gxf5 exf5 21.Kf2 Rac8 22.h5 Rc7
23.hxg6+ hxg6 24.Rh1 Nf8 25.Ne5+ Ke7 26.Rg1 g5 27.Nxc6+ bxc6 28.Be5 Rd7 29.Rxg5 Nxc5
30.Rxf5 Rb7 31.Rxb7+ Nxb7 32.Bh3 Nd7 33.Rh5 Kd8 34.Bd4 Nb6 35.Rh7  1-0

[Event "70th ch-BLR"]
[Site "Minsk BLR"]
[Date "2004.03.08"]
[Round "5"]
[White "Gorovets,A"]
[Black "Dydyshko,V"]
[Result "1-0"]
[WhiteElo "2393"]
[BlackElo "2574"]

1.d4 Nf6 2.c4 e6 3.Nc3 Bb4 4.f3 Nc6 5.e4 e5 6.a3 Bxc3+ 7.bxc3 d6 8.Be3 O-O
9.Ne2 Na5 10.Ng3 Be6 11.d5 Bd7 12.c5 Qe7 13.c6 bxc6 14.Qa4 cxd5 15.Qxa5 dxe4
16.Be2 Bc6 17.O-O Nd5 18.Bd2 e3 19.c4 Nf4 20.Bxe3 f5 21.Bd1 Ne6 22.Bf2 Qg5
23.Ba4 Bxa4 24.Qxa4 Rf6 25.Qc6 Raf8 26.Ra2 Rg6 27.Bxa7 h5 28.Qd5 Kh7 29.Qd2 Nf4
30.Be3 h4 31.Bxf4 exf4 32.Nh1 Re8 33.h3 Re3 34.a4 d5 35.cxd5 Qe7 36.a5 Qc5
37.Kh2 Ra6 38.Rc1 Qd6 39.Rc6 Rxc6 40.dxc6 Rd3 41.Qc2  1-0

[Event "21st Open"]
[Site "Reykjavik ISL"]
[Date "2004.03.11"]
[Round "5"]
[White "Halldorsson,Br"]
[Black "Thorarinsson,P"]
[Result "1/2-1/2"]
[WhiteElo "2211"]
[BlackElo "2278"]

1.d4 Nf6 2.c4 e6 3.Nc3 Bb4 4.f3 c5 5.d5 Nh5 6.g3 f5 7.e3 Bxc3+ 8.bxc3 Qa5
9.Bd2 O-O 10.Bd3 d6 11.Qc2 exd5 12.cxd5 c4 13.Bxc4 Nd7 14.Bb3 Qc5 15.Qd3 b5
16.Qd4 Qxd4 17.cxd4 a5 18.a4 b4 19.Rc1 Nb6 20.Rc6 Rb8 21.Rxd6 Bd7 22.Rxb6 Rxb6
23.Nh3 Nf6 24.Nf4 Bc8 25.O-O Bb7 26.Rc1 Rd6 27.Rc5 g5 28.Ne6 Bxd5 29.Nxf8 Bxb3
30.Rxa5 Rb6 31.Rxf5 Kxf8 32.a5 Rc6 33.Bxb4+ Ke8 34.Rxg5 Rc1+ 35.Kg2 Rc2+
36.Kg1 Rc7 37.Kf2 Rc2+ 38.Ke1 Nd5 39.Bd2 Ra2 40.e4 Ra1+ 41.Kf2 Ra2 42.exd5 Rxd2+
43.Ke3 Rxh2 44.a6 Ra2 45.Rg7 Rxa6 46.Rxh7  1/2-1/2

[Event "TCh-CZE Extraliga 2003-4"]
[Site "Czech Rep CZE"]
[Date "2004.04.03"]
[Round "10"]
[White "Kantorik,M"]
[Black "Dydyshko,V"]
[Result "1/2-1/2"]
[WhiteElo "2379"]
[BlackElo "2574"]

1.d4 Nf6 2.c4 e6 3.Nc3 Bb4 4.f3 O-O 5.e4 d5 6.cxd5 exd5 7.e5 Nfd7 8.f4 c5
9.a3 Ba5 10.dxc5 Bxc3+ 11.bxc3 Nxc5 12.Nf3 Nc6 13.Be2 Ne4 14.Qd3 Qa5 15.Bd2 Bf5
16.Qe3 Rfd8 17.Nd4 Nxd2 18.Qxd2 Be4 19.O-O Nxd4 20.Qxd4 Rac8 21.Rfc1 Rc5
22.c4 Rdc8 23.Rf1 Qa4 24.Qe3 Qc6 25.Bg4 Rc7 26.cxd5 Bxd5 27.Rad1 h5 28.Bf3 Bxf3
29.Rxf3 Rc1 30.Rxc1 Qxc1+ 31.Qxc1 Rxc1+ 32.Kf2 Rc2+ 33.Kg3 Kf8 34.Rd3 Ke7
35.Kf3 g6 36.h4 b5 37.g4 Rc4 38.gxh5 gxh5 39.Ke3 Ra4 40.Rc3 Kd7 41.Kf3 f6
42.exf6 Ke6 43.Rc6+ Kf7 44.Rc5 a6 45.Rxh5 Kxf6 46.Rc5 Rxa3+ 47.Ke4 Ra4+ 48.Kd3 b4
49.h5 a5 50.Re5 Ra3+ 51.Kc2 Kg7 52.Kb2 Kh6 53.Kc2  1/2-1/2

[Event "42nd Doeberl Cup"]
[Site "Canberra AUS"]
[Date "2004.04.09"]
[Round "2"]
[White "Jones,B"]
[Black "Johansen,D"]
[Result "0-1"]
[WhiteElo "2197"]
[BlackElo "2489"]

1.d4 Nf6 2.c4 e6 3.Nc3 Bb4 4.f3 c5 5.d5 Nh5 6.Nh3 Qh4+ 7.Nf2 Qxc4 8.e4 Bxc3+
9.bxc3 Qxc3+ 10.Bd2 Qf6 11.Qc1 Qe7 12.dxe6 fxe6 13.e5 Nc6 14.Bg5 Qf8 15.Bb5 Nxe5
16.O-O a6 17.Be2 Nf6 18.Qb2 Nf7 19.Bxf6 gxf6 20.Qxf6 b5 21.f4 Qe7 22.Qg7 Qf8
23.Qf6 Qh6 24.Qc3 O-O 25.Ng4 Qg7 26.Qxc5 Bb7 27.Rad1 Bd5 28.Rd3 Rac8 29.Qe7 Nh8
30.Rg3 Ng6 31.Qg5 Rc5 32.Ne5 Be4 33.Rd1 Rxf4 34.Nxg6 Rxg5 35.Nxf4 Rxg3 36.hxg3 Qxg3
37.Rf1 e5  0-1

[Event "Open ch-NOR"]
[Site "Oslo NOR"]
[Date "2004.04.09"]
[Round "7"]
[White "Nedberg,B"]
[Black "Brasoy,A"]
[Result "1-0"]
[WhiteElo "2120"]
[BlackElo "1994"]

1.d4 Nf6 2.c4 e6 3.Nc3 Bb4 4.f3 d5 5.a3 Bxc3+ 6.bxc3 c5 7.cxd5 Nxd5 8.Qd2 f5
9.Nh3 O-O 10.e3 Nc6 11.Bc4 Na5 12.Ba2 b6 13.O-O Ba6 14.Re1 Bc4 15.Bxc4 Nxc4
16.Qd3 Na5 17.e4 c4 18.Qc2 fxe4 19.fxe4 Ne7 20.Bg5 Qd6 21.e5 Qd7 22.Bxe7 Qxe7
23.Qe4 Rad8 24.Re3 Nb3 25.Rd1 b5 26.Rg3 g6 27.Ng5 Rf5 28.Qg4 h5 29.Qh4 Nc5
30.Nf3 Qxh4 31.Nxh4 Rxe5 32.Nxg6 Re4 33.Rf1 Nd3 34.Ne5+ Rg4 35.Nxg4 hxg4
36.Rxg4+ Kh7 37.Rf3  1-0

[Event "ACP Blitz Prelim1"]
[Site "playchess.com INT"]
[Date "2004.04.12"]
[Round "15"]
[White "Volkov,S1"]
[Black "Bartel,Mat"]
[Result "1-0"]
[WhiteElo "2629"]
[BlackElo "2501"]

1.d4 Nf6 2.c4 e6 3.Nc3 Bb4 4.f3 Nc6 5.a3 Bxc3+ 6.bxc3 e5 7.e4 d6 8.Bg5 h6
9.Be3 Qe7 10.Bd3 O-O 11.Ne2 b6 12.Ng3 Re8 13.O-O Na5 14.a4 Ba6 15.Qe2 c5
16.Nf5 Qf8 17.g4 Rac8 18.d5 Rc7 19.Kh1 Bc8 20.Ng3 g6 21.Rg1 Nh7 22.h4 Kh8
23.Rg2 Bd7 24.Ra2 Nb3 25.Qb2 Na5 26.Qd2 Nb3 27.Bxh6 Qe7 28.Qf2 Qxh4+ 29.Rh2 Qf6
30.Qg2 Kg8 31.Be3 Ng5 32.Nf5 Rcc8 33.Qg3 Nh7 34.g5 Qh8 35.Nxd6 Kf8 36.Rh6 Rcd8
37.Nxe8  1-0

[Event "TCh-RUS 1st Liga"]
[Site "Sochi RUS"]
[Date "2004.04.21"]
[Round "2"]
[White "Volkov,S1"]
[Black "Rodin,D"]
[Result "1-0"]
[WhiteElo "2629"]
[BlackElo "2452"]

1.d4 Nf6 2.c4 e6 3.Nc3 Bb4 4.f3 d5 5.a3 Bd6 6.c5 Be7 7.b4 b6 8.e3 O-O 9.Bd2 a5
10.f4 bxc5 11.bxc5 Ba6 12.Bxa6 Rxa6 13.Qc2 Nc6 14.Nf3 a4 15.O-O Qa8 16.Rab1 Bd8
17.Ne5 Na5 18.Rb4 Nb3 19.Rb1 Ne4 20.Nxe4 dxe4 21.Be1 Be7 22.Nc4 Qc6 23.Nd2 Nxd2
24.Bxd2 Rd8 25.Qc4 f5 26.Rb7 Kf7 27.Rxc7 Qxc7 28.Qxa6 Rb8 29.Rb4 g5 30.Qxa4 gxf4
31.exf4 Rc8 32.Be3 Qd8 33.Rb7 Kf6 34.Rb6 Qd5 35.Qb3 Qxb3 36.Rxb3 Ra8 37.Bc1 Kf7
38.Kf2 Ke8 39.g4 Ra4 40.Rb4 Ra6  1-0

[Event "7th St Quentin Open"]
[Site "Elancourt FRA"]
[Date "2004.04.24"]
[Round "8"]
[White "Hajenius,W"]
[Black "Hadet,E"]
[Result "1-0"]
[WhiteElo "2023"]
[BlackElo "2099"]

1.d4 Nf6 2.c4 e6 3.Nc3 Bb4 4.f3 c5 5.d5 d6 6.Bg5 h6 7.Bh4 Bxc3+ 8.bxc3 exd5
9.cxd5 O-O 10.e4 Re8 11.Bb5 Nbd7 12.Ne2 a6 13.Ba4 b5 14.Bc2 Ne5 15.O-O g5
16.Bg3 Ng6 17.Qd2 Kg7 18.Rae1 g4 19.Kh1 gxf3 20.gxf3 Nh5 21.Rg1 Qf6 22.f4 Kh7
23.Ref1 Bb7 24.e5 Nxg3+ 25.Nxg3 dxe5 26.fxe5 Qe6 27.Be4 Rad8 28.Nf5 Qxe5
29.Qxh6+ Kg8 30.Rxg6+ fxg6 31.Qxg6+ Kh8 32.Qh6+ Kg8 33.Rg1+  1-0

[Event "II Gyorgy Marx Mem"]
[Site "Paks HUN"]
[Date "2004.05.06"]
[Round "2"]
[White "Acs,P"]
[Black "Beliavsky,A"]
[Result "1/2-1/2"]
[WhiteElo "2548"]
[BlackElo "2667"]

1.d4 Nf6 2.c4 e6 3.Nc3 Bb4 4.f3 O-O 5.a3 Bxc3+ 6.bxc3 Ne8 7.e4 b6 8.Bd3 Ba6
9.Nh3 c5 10.d5 Qh4+ 11.Nf2 Nd6 12.Qe2 exd5 13.cxd5 Bxd3 14.Qxd3 c4 15.Qd4 Na6
16.Qe5 Nb7 17.O-O Nac5 18.g3 Qd8 19.Be3 Qe8 20.Qf4 f6 21.Rab1 Nb3 22.Rfd1 Rc8
23.d6 N7c5 24.Bxc5 Rxc5 25.Qg4 Qf7 26.Rb2 Re8 27.f4 Ra5 28.Ra2 Nc5 29.Qf3 Qe6
30.f5 Qf7 31.Re2 Rxa3 32.e5 fxe5 33.Rde1 Nd3 34.Nxd3 cxd3 35.Rxe5 Rc8 36.Qxd3 Raxc3
37.Qxc3 Rxc3 38.Re8+ Qxe8 39.Rxe8+ Kf7 40.Re7+ Kf6 41.Rxd7 Rd3 42.Rxa7 Rxd6
43.Rb7 h5 44.h3 Kxf5 45.Rxg7 Ke4 46.Rg5 Kf3 47.Rxh5 Rd1+ 48.Kh2 Rd2+ 49.Kg1 Rb2
50.g4 b5 51.Rf5+ Kg3 52.g5 Rb1+  1/2-1/2

[Event "12th Sigeman & Co"]
[Site "Malmoe/Copenhagen SWE"]
[Date "2004.05.08"]
[Round "8"]
[White "Hillarp Persson,T"]
[Black "Beliavsky,A"]
[Result "0-1"]
[WhiteElo "2513"]
[BlackElo "2667"]

1.d4 Nf6 2.c4 e6 3.Nc3 Bb4 4.f3 d5 5.a3 Bd6 6.c5 Be7 7.b4 b6 8.Bg5 bxc5 9.bxc5 h6
10.Bxf6 Bxf6 11.f4 Nd7 12.Qa4 c6 13.Rc1 Qc7 14.e3 g5 15.g3 Bg7 16.Nf3 g4
17.Nd2 f5 18.h3 h5 19.Bd3 Kf7 20.Ke2 Bb7 21.Rb1 Rhb8 22.hxg4 hxg4 23.e4 fxe4
24.Ndxe4 dxe4 25.Nxe4 Nf6 26.Ng5+ Kg8 27.Bg6 Bc8 28.Bf7+ Kf8 29.Bxe6 Qe7
30.f5 Bd7 31.Rxb8+ Rxb8 32.Qxa7 Rb2+ 33.Kd3 Be8 34.Qa8 Qc7 35.Rg1 Bh6 36.Ne4 Nxe4
37.Kxe4 Qg7  0-1

[Event "12th Sigeman & Co"]
[Site "Malmoe/Copenhagen SWE"]
[Date "2004.05.09"]
[Round "9"]
[White "Beliavsky,A"]
[Black "De Firmian,N"]
[Result "1/2-1/2"]
[WhiteElo "2667"]
[BlackElo "2542"]

1.d4 Nf6 2.c4 e6 3.Nc3 Bb4 4.f3 d5 5.a3 Bxc3+ 6.bxc3 c5 7.cxd5 Nxd5 8.dxc5 Qa5
9.e4 Ne7 10.Be3 O-O 11.Qb3 Qc7 12.Rb1 Nec6 13.f4 Na5 14.Qd1 Rd8 15.Qh5 Nd7
16.Nf3 Nf6 17.Qh4 Nxe4 18.Bd4 Nc6 19.Bd3 Nxd4 20.cxd4 Qa5+ 21.Ke2 Nc3+ 22.Kf2 h6
23.Rb3 Bd7 24.Rc1 Nd5 25.Kg1 Bc6 26.f5 exf5 27.Bxf5 Re8 28.Qf2 Qa4 29.Nd2 Re7
30.Bc2 Rae8 31.Rg3 Qa6 32.Rf1 Qe2 33.Bd3 Qxf2+ 34.Rxf2 Re1+ 35.Rf1 Nf4 36.Bc4 Ne2+
37.Bxe2 R1xe2 38.Nf3 R8e4 39.Rf2 R2e3 40.Rd2 Rxa3 41.d5 Ra1+ 42.Kf2 Bb5 43.Rh3 Bd7
44.Rh5 f6 45.d6 Rc1 46.Rb2 b6 47.cxb6 axb6 48.Rd5 b5 49.Nd2 Re5 50.Rxe5 fxe5
51.Nf3 Rc5 52.Re2 Rd5 53.Nxe5 Rxd6 54.Nxd7 Rxd7 55.Re8+ Kf7 56.Rb8 Rd5 57.Ke2 Ke7
58.h4 Rc5 59.g4 Rc2+ 60.Ke3 Rc3+ 61.Kf4 Rc5  1/2-1/2

[Event "29th Elekes Mem IM"]
[Site "Budapest HUN"]
[Date "2004.05.19"]
[Round "5"]
[White "Bulthaupt,F"]
[Black "Lorincz,I"]
[Result "1/2-1/2"]
[WhiteElo "2210"]
[BlackElo "2337"]

1.d4 Nf6 2.c4 e6 3.Nc3 Bb4 4.f3 c5 5.a3 Ba5 6.d5 b5 7.e4 bxc4 8.Bxc4 Ba6
9.Bxa6 Nxa6 10.Ne2 exd5 11.exd5 O-O 12.O-O Qc8 13.b3 Re8 14.Rb1 Qb7 15.Qd3 Nc7
16.d6 Ne6 17.Qc4 Rac8 18.Ne4 Bd8 19.N2c3 h6 20.Kh1 Qc6 21.Rd1 Kh8 22.Bb2 Rf8
23.Ne2  1/2-1/2

[Event "Summer I"]
[Site "Alushta UKR"]
[Date "2004.05.22"]
[Round "14"]
[White "Derjabin,I"]
[Black "Taleb,M"]
[Result "0-1"]
[WhiteElo "2391"]
[BlackElo "2456"]

1.d4 Nf6 2.c4 e6 3.Nc3 Bb4 4.f3 c5 5.a3 Bxc3+ 6.bxc3 d6 7.e4 Nc6 8.Be3 b6
9.Bd3 Na5 10.Ne2 Ba6 11.O-O Qd7 12.Bg5 Bxc4 13.Bxf6 gxf6 14.Re1 h5 15.Bxc4 Nxc4
16.Qb3 Na5 17.Qa2 h4 18.Nf4 c4 19.Rad1 Qa4 20.Rb1 Nb3 21.Re3 Qa5 22.Nh3 O-O-O
23.f4 Rhg8 24.Qe2 Kb8 25.f5 e5 26.d5 Rg7 27.Kh1 Qxa3 28.Nf2 Rdg8 29.Rg1 Nc5
30.Rh3 Na4 31.Nd1 Qb3 32.Qd2 Rg4 33.Re3 a6 34.Re2 Rf4 35.Qc1 Kb7 36.Qe3 Rgg4
37.Rd2 a5 38.Rf2 Rxe4 39.Qh3 Rgf4 40.Rxf4 Rxf4 41.g3 Rf3 42.Qg4 Rd3 43.Qh5 Nxc3
44.Nf2 Rd4 45.Qxf7+ Ka6 46.Qg8 Nxd5 47.Kg2 Ne3+ 48.Kh3 Qc2  0-1

[Event "57th ch-RUS Qualifier"]
[Site "St Petersburg RUS"]
[Date "2004.05.22"]
[Round "2"]
[White "Volkov,S1"]
[Black "Shaposhnikov,E"]
[Result "1/2-1/2"]
[WhiteElo "2629"]
[BlackElo "2559"]

1.d4 Nf6 2.c4 e6 3.Nc3 Bb4 4.f3 Nc6 5.a3 Bxc3+ 6.bxc3 b6 7.e4 Ba6 8.Nh3 Na5
9.c5 Bxf1 10.Rxf1 d6 11.Bg5 Qd7 12.cxd6 cxd6 13.Kf2 Rc8 14.Kg1 Rxc3 15.Bxf6 gxf6
16.Qd2 Rc8 17.Qh6 Ke7 18.f4 Rhg8 19.e5 dxe5 20.dxe5 Qd4+ 21.Kh1 Rg6 22.Qxh7 Rc2
23.exf6+ Qxf6 24.Ng5 Nb3 25.Rad1 Nc5 26.Qh5 Rh6 27.Qf3 Qh8 28.h3 Qc8 29.f5 Rf6
30.Qg3 Qc6 31.Nh7 Ne4 32.Qg7 exf5 33.Nxf6 Qxf6 34.Qg8 Qe5 35.Qd8+ Ke6 36.Qe8+ Kf6
37.Qh8+ Ke6 38.Qh6+ f6 39.Rf3 Ng3+ 40.Kg1 Ne2+ 41.Kh1  1/2-1/2

[Event "57th ch-RUS Qualifier"]
[Site "St Petersburg RUS"]
[Date "2004.05.29"]
[Round "8"]
[White "Volkov,S1"]
[Black "Ionov,S"]
[Result "1-0"]
[WhiteElo "2629"]
[BlackElo "2538"]

1.d4 Nf6 2.c4 e6 3.Nc3 Bb4 4.f3 Nc6 5.e4 d5 6.cxd5 exd5 7.e5 Ng8 8.Be3 Nge7
9.f4 Ba5 10.Qd2 O-O 11.O-O-O f6 12.Bd3 fxe5 13.fxe5 Bf5 14.Nf3 Qd7 15.Bxf5 Rxf5
16.Kb1 Nd8 17.Rc1 Ne6 18.Qd3 c6 19.Ne2 Raf8 20.h4 Ng6 21.Ng3 R5f7 22.Ng5 Nxg5
23.hxg5 Qe6 24.Rh3 Bb6 25.Rch1 Rd7 26.Rxh7 Rff7 27.Nh5 Rf5 28.g4 Rf3 29.Nf6+ Kf7
30.Qe2 Nxe5 31.Nxd7 Qxd7 32.g6+ Kxg6 33.Qc2+ Kf7 34.dxe5 Bxe3 35.Rxg7+ Kxg7
36.Qh7+  1-0

[Event "Summer II"]
[Site "Alushta UKR"]
[Date "2004.06.01"]
[Round "13"]
[White "Taleb,M"]
[Black "Kulicov,O"]
[Result "1-0"]
[WhiteElo "2456"]
[BlackElo "2422"]

1.d4 Nf6 2.c4 e6 3.Nc3 Bb4 4.f3 c5 5.d5 O-O 6.e4 Re8 7.Ne2 d6 8.Ng3 exd5
9.cxd5 Nbd7 10.Bd2 Ne5 11.Be2 c4 12.O-O Bd7 13.Kh1 Rc8 14.Be3 a6 15.Bd4 b5
16.a4 Bc5 17.Bxc5 dxc5 18.f4 Neg4 19.Qb1 b4 20.Nd1 h5 21.Bf3 h4 22.Ne2 Nh6
23.Ng1 Qc7 24.e5 Bf5 25.Qc1 Bd3 26.Re1 Qd7 27.d6 a5 28.Qd2 Nh7 29.Ne3 Nf8
30.Bd5 Nf5 31.Bxc4 Bxc4 32.Nxc4 Qa7 33.Rad1 Nd4 34.Qf2 Qa6 35.d7 Nxd7 36.Nd6 Qc6
37.Qxh4 Qxa4 38.Qh5 g6 39.Qg4 Qc6 40.Nxc8 Rxc8 41.Ne2 Nxe2 42.Rd6  1-0

[Event "Summer III"]
[Site "Alushta UKR"]
[Date "2004.06.13"]
[Round "9"]
[White "Derjabin,I"]
[Black "Belikov,V"]
[Result "1/2-1/2"]
[WhiteElo "2391"]
[BlackElo "2494"]

1.d4 Nf6 2.c4 e6 3.Nc3 Bb4 4.f3 c5 5.d5 b5 6.e4 O-O 7.Nh3 bxc4 8.Bxc4 Bxc3+
9.bxc3 Qa5 10.Qd3 exd5 11.exd5 d6 12.O-O Bxh3 13.gxh3 Nbd7 14.Bf4 Qc7 15.Bb5 Nh5
16.Be3 Ndf6 17.f4 Rab8 18.c4 Rfe8  1/2-1/2

[Event "National Open"]
[Site "Las Vegas USA"]
[Date "2004.06.18"]
[Round "2"]
[White "Kretchetov,A"]
[Black "Ibragimov,I"]
[Result "0-1"]
[WhiteElo "2322"]
[BlackElo "2556"]

1.d4 Nf6 2.c4 e6 3.Nc3 Bb4 4.f3 O-O 5.a3 Bxc3+ 6.bxc3 Ne8 7.e4 b6 8.a4 Nc6
9.Ba3 d6 10.Bd3 Ba6 11.Nh3 Na5 12.Qe2 c5 13.d5 Qh4+ 14.Nf2 exd5 15.cxd5 Bxd3
16.Qxd3 f5 17.O-O Nf6 18.g3 fxe4 19.Nxe4 Qh5 20.Nxf6+ Rxf6 21.c4 Raf8 22.f4 Qg6
23.Qxg6 hxg6 24.Rac1 g5 25.Bb2 Rf5 26.Rfe1 gxf4 27.g4 Rg5 28.h3 f3 29.Re4 Rg6
30.Kf2 Nb3 31.Rd1 Rh6 32.Re7 Nd4 33.Bxd4 cxd4 34.Kg3 f2 35.Rf1 Rhf6 36.Re2 Rf3+
37.Kg2 Ra3 38.Rd2 Rxa4 39.Rxd4 b5 40.Rxf2 Rxc4 41.Rxc4 Rxf2+ 42.Kxf2 bxc4
43.Ke3 g5 44.Kd4 Kf7  0-1

[Event "Summer IV"]
[Site "Alushta UKR"]
[Date "2004.06.22"]
[Round "8"]
[White "Derjabin,I"]
[Black "Alexandrova,O"]
[Result "0-1"]
[WhiteElo "2391"]
[BlackElo "2430"]

1.d4 Nf6 2.c4 e6 3.Nc3 Bb4 4.f3 c5 5.d5 b5 6.e4 O-O 7.Nh3 Bxc3+ 8.bxc3 Qa5
9.Qb3 bxc4 10.Bxc4 exd5 11.exd5 d6 12.Bf4 Qc7 13.O-O Nbd7 14.Ng5 Rb8 15.Qc2 Nb6
16.Bd3 h6 17.Ne4 Nxe4 18.fxe4 Bg4 19.Rae1 Nd7 20.Be2 Bxe2 21.Rxe2 Rfe8 22.c4 Ne5
23.Bxe5 Rxe5 24.Ref2 Re7 25.Rf4 Qb7 26.Qa4 Qb2 27.Qc6 Rd8 28.Qa6 f6 29.h3 Kh7
30.a4 Qe5 31.a5 Rb8 32.Rf5 Qd4+ 33.Kh1 Rd7 34.R5f4 Qe5 35.Qc6 Rdb7 36.a6 Rb1
37.Rf3 R8b6 38.Qd7 Rxf1+ 39.Rxf1 Rxa6 40.Qf5+ Qxf5 41.exf5 Ra4 42.Rc1 h5
43.h4 g6 44.fxg6+ Kxg6 45.Kh2 Ra3 46.Re1 Rc3 47.Re6 Rxc4 48.g3 Kf5 49.Rxd6 Kg4
50.Rxf6 Rc2+ 51.Kg1 Kxg3 52.Rg6+ Kxh4 53.Ra6 Rd2 54.Rxa7 Rxd5 55.Kf2 Rf5+
56.Ke2 Kg4 57.Rg7+ Rg5 58.Rc7 Kg3 59.Kf1 h4 60.Ra7 Rf5+ 61.Kg1 Rf4 62.Ra3+ Rf3
63.Ra8 c4 64.Rg8+ Kh3 65.Rc8 c3 66.Rc7 Kg3 67.Rg7+ Kf4 68.Re7 h3 69.Re8 Rd3
70.Rc8 Ke3  0-1

[Event "22nd Open"]
[Site "Andorra la Vella AND"]
[Date "2004.07.04"]
[Round "2"]
[White "Khenkin,I"]
[Black "Ayas Fernandez,A"]
[Result "1-0"]
[WhiteElo "2573"]
[BlackElo "2328"]

1.d4 Nf6 2.c4 e6 3.Nc3 Bb4 4.f3 d5 5.a3 Bxc3+ 6.bxc3 c5 7.cxd5 Nxd5 8.dxc5 Qa5
9.e4 Nc7 10.Qd4 f6 11.Qb4 Nc6 12.Qxa5 Nxa5 13.Rb1 Bd7 14.Be3 e5 15.Ne2 Ne6
16.Nc1 Ke7 17.Nb3 Nxb3 18.Rxb3 Rab8 19.Bb5 Rhc8 20.Bxd7 Kxd7 21.Rb5 a6 22.Ra5 Rc6
23.Ke2 Rbc8 24.Rb1 R8c7 25.Rd1+ Ke7 26.Rd5 g5 27.g3 Rc8 28.h4 gxh4 29.gxh4 h5
30.Kf2 R6c7 31.f4 Nxf4 32.Bxf4 exf4 33.Kf3 Rg8 34.Rxh5 Rg3+ 35.Kxf4 Rxc3
36.Rh7+ Kd8 37.Rh8+ Kd7 38.Rh7+ Kd8 39.Rxc7 Kxc7 40.h5 Kc6 41.Kf5 Rf3+ 42.Kg6 Rf4
43.Ra4 Kxc5 44.h6 b5 45.Rxa6 Rxe4 46.h7  1-0

[Event "Glassy Stream Open"]
[Site "Kharkov UKR"]
[Date "2004.07.09"]
[Round "2"]
[White "Simantsev,M"]
[Black "Hamitevici,V"]
[Result "1/2-1/2"]
[WhiteElo "2371"]
[BlackElo "2216"]

1.d4 Nf6 2.c4 e6 3.Nc3 Bb4 4.f3 d5 5.a3 Bxc3+ 6.bxc3 c5 7.cxd5 exd5 8.e3 Qc7
9.Ne2 O-O 10.Ng3 Re8 11.Kf2 h5 12.Bd3 b6 13.h3 Ba6 14.Bxa6 Nxa6 15.Qd3 h4
16.Ne2 Qc8 17.Bd2 c4 18.Qc2 Qd7 19.g3 Nc7 20.gxh4 Nh5 21.Rag1 Qe7 22.Rg5 g6
23.Rhg1 Kh8 24.Ng3 Nxg3 25.R1xg3 Ne6 26.Rxd5 Qxh4 27.Qe4 Qxe4 28.fxe4 Rad8
29.Rxd8 Rxd8 30.Ke2 Kg7 31.e5 Rd5 32.Bc1 Rb5 33.Kd2 Rb3 34.Kc2 b5 35.Bb2 a5
36.Rg1 Nc7 37.e4 Ne6 38.Rg4 Kf8 39.Bc1 b4 40.axb4 axb4 41.Bb2 bxc3 42.Bxc3 Nc7
43.Rg3 Nb5 44.Re3 Na3+ 45.Kd1 Nb1 46.Kc2 Na3+ 47.Kc1 Nb1 48.Kc2 Na3+ 49.Kd1 Nb1
50.Kc2  1/2-1/2

[Event "Open"]
[Site "Olomouc CZE"]
[Date "2004.07.09"]
[Round "5"]
[White "Kantorik,M"]
[Black "Sundararajan,K"]
[Result "0-1"]
[WhiteElo "2331"]
[BlackElo "2452"]

1.d4 Nf6 2.c4 e6 3.Nc3 Bb4 4.f3 d5 5.a3 Bxc3+ 6.bxc3 c6 7.e3 b6 8.Bd3 O-O
9.Ne2 Ba6 10.cxd5 cxd5 11.Bxa6 Nxa6 12.O-O Nc7 13.Qd3 Qc8 14.e4 Qa6 15.Qc2 Rac8
16.e5 Nd7 17.f4 f6 18.Bb2 Qc4 19.a4 fxe5 20.fxe5 Rxf1+ 21.Rxf1 Rf8 22.Rxf8+ Nxf8
23.Nf4 b5 24.axb5 Nxb5 25.Qc1 a5 26.Ba3 Qxc3 27.Qxc3 Nxc3 28.Bxf8 Kxf8 29.Nxe6+ Kf7
30.Nc5 Ne2+ 31.Kf2 Nxd4 32.Ke3 Ne6 33.Na4 Kg6 34.g4 Kg5 35.Kf3 d4 36.Kg3 d3
37.h4+ Kg6 38.Kf3 Nd4+ 39.Ke3 Nc6 40.e6 Kf6 41.Nc5 Nd8 42.Kxd3 Nxe6 43.Nd7+ Ke7
44.Nb6 Nf8 45.Kd4 Ke6 46.Na4 Nd7 47.Ke4 Kd6 48.Kf5 Nc5 49.Nc3 a4 50.h5 Ke7
51.g5 a3 52.Na2 Ne6 53.Nc3 Nd4+ 54.Ke5 Nc6+  0-1

[Event "MTO"]
[Site "Biel SUI"]
[Date "2004.07.21"]
[Round "3"]
[White "Ulibin,M"]
[Black "Cherniaev,A1"]
[Result "0-1"]
[WhiteElo "2586"]
[BlackElo "2500"]

1.d4 Nf6 2.c4 e6 3.Nc3 Bb4 4.f3 d5 5.a3 Bxc3+ 6.bxc3 c5 7.cxd5 Nxd5 8.dxc5 Nd7
9.e4 Ne7 10.Be3 O-O 11.Bb5 Qa5 12.Qb3 Qc7 13.Bxd7 Bxd7 14.Ne2 Nc6 15.c4 e5
16.Nc3 Rab8 17.Nd5 Qa5+ 18.Kf2 f5 19.exf5 Bxf5 20.Rhd1 Qd8 21.Kg1 Qh4 22.Bf2 Qg5
23.Ra2 Rf7 24.Rb2 Rbf8 25.Qe3 Qg6 26.Bg3 h5 27.Nc3 Bc2 28.Rd6 Qh7 29.h4 Bf5
30.Kh2 Na5 31.Qe2 Nc6 32.Rdd2 g5 33.Nb5 gxh4 34.Bxh4 Rg7 35.Nd6 Qg6 36.Rxb7 Nd4
37.Qxe5 Nxf3+  0-1